000 00893 a2200265 4500
001 00560nam a22001691a 4500
003 00560nam a22001691a 4500
005 20260128112403.0
008 260128c18789999mdubr p 0 a0eng c
022 _22714-3627
040 _erda
050 _aHD38.5 .U55/
245 _aUNIVERSITY OF IBADAN JOURNAL OF SCIENCE AND LOGICS IN ICT RESEARCH (UIJSLICTR)
260 _aIbadan
_bFaculty of science university oof ibadan
_c2025
264 _aIbadan
_bFaculty of science university oof ibadan
_c2025
300 _avol. 13, No. 1: ill. 30 cm
336 _2text rdacontent
_3text
337 _2unmediated rdamedia
338 _2Volume rdacarrier
440 _aScience and logistics---periodical
490 _aScience and logistics---periodical
650 _2Science and logistics---periodical
655 _2Periodicals
942 _2lcc
_cSERIAL
999 _c44070
_d44070